Expert witnesses (Record no. 83207)
[ view plain ]
| 000 -LEADER | |
|---|---|
| fixed length control field | 00952cad a22002055a 4500 |
| 001 - CONTROL NUMBER | |
| control field | L153150 |
| 008 - FIXED-LENGTH DATA ELEMENTS--GENERAL INFORMATION | |
| fixed length control field | 110614e2011 xxk 000 0 eng d |
| 035 ## - SYSTEM CONTROL NUMBER | |
| System control number | (Sirsi) u153150 |
| 041 0# - LANGUAGE CODE | |
| Language code of text/sound track or separate title | eng |
| 100 1# - MAIN ENTRY--PERSONAL NAME | |
| Personal name | Anderson, Alexandra |
| 245 00 - TITLE STATEMENT | |
| Title | Expert witnesses |
| Remainder of title | why now more than ever you need insurance |
| Medium | [electronic resource] |
| 490 ## - SERIES STATEMENT | |
| Series statement | RICS Regulation Helpsheet |
| Volume/sequential designation | 2011 |
| 520 ## - SUMMARY, ETC. | |
| Summary, etc. | Advises expert witnesses to ensure that they have adequate professional indemnity insurance (PII) in the light of "Jones v Kaney" [2011] UKSC 13 (L152587) which removed the right of immunity from expert witnesses. |
| 590 ## - LOCAL NOTE (RLIN) | |
| Local note | KA |
| 650 24 - SUBJECT ADDED ENTRY--TOPICAL TERM | |
| Topical term or geographic name entry element | JONES V KANEY |
| 651 #4 - SUBJECT ADDED ENTRY--GEOGRAPHIC NAME | |
| Geographic name | UNITED KINGDOM |
| 690 ## - LOCAL SUBJECT ADDED ENTRY--TOPICAL TERM (OCLC, RLIN) | |
| Topical term or geographic name as entry element | MANAGEMENT-DISPUTE AVOIDANCE, MANAGEMENT AND RESOLUTION-DISPUTE MANAGEMENT AND RESOLUTION-EXPERT WITNESSES |
| 856 40 - ELECTRONIC LOCATION AND ACCESS | |
| Uniform Resource Identifier | <a href="https://www.rics.org/site/download_feed.aspx?fileID=9760&fileExtension=PDF">https://www.rics.org/site/download_feed.aspx?fileID=9760&fileExtension=PDF</a> |
| Public note | View this item free of charge at www.rics.org |
| 942 ## - ADDED ENTRY ELEMENTS (KOHA) | |
| Suppress in OPAC | 0 |
| Withdrawn status | Lost status | Source of classification or shelving scheme | Damaged status | Not for loan | Home library | Current library | Shelving location | Date acquired | Total Checkouts | Full call number | Barcode | Date last seen | Copy number | Price effective from | Koha item type |
|---|---|---|---|---|---|---|---|---|---|---|---|---|---|---|---|
| Dewey Decimal Classification | Virtual | Virtual | Online | 14/06/2011 | ONLINE PUBLICATION | 153150-2001 | 06/08/2019 | 1 | 06/08/2019 | Journal article |